All Paldea Pokemon - Statistics

General Stats
  • This quiz has been taken 17 times
  • The average score is 51 of 120
Answer Stats
Hint Answer % Correct
#909 Fuecoco
92%
#912 Quaxly
92%
#906 Sprigatito
83%
#908 Meowscarada
75%
#921 Pawmi
75%
#914 Quaquavel
75%
#913 Quaxwell
75%
#911 Skeledirge
75%
#910 Crocalor
67%
#907 Floragato
67%
#915 Lechonk
67%
#922 Pawmo
67%
#923 Pawmot
67%
#998 Baxcalibur
58%
#939 Bellibolt
58%
#926 Fidough
58%
#999 Gimmighoul
58%
#1007 Koraidon
58%
#943 Mabosstiff
58%
#919 Nymble
58%
#979 Annihilape
50%
#962 Bombirdier
50%
#975 Cetitan
50%
#996 Frigibax
50%
#1000 Gholdengo
50%
#971 Greavard
50%
#920 Lokix
50%
#932 Nacli
50%
#954 Rabsca
50%
#918 Spidops
50%
#938 Tadbulb
50%
#917 Tarountula
50%
#1024 Terapagos
50%
#976 Veluza
50%
#960 Wiglett
50%
#936 Armarouge
42%
#947 Brambleghast
42%
#946 Bramblin
42%
#986 Brute Bonnet
42%
#951 Capsakid
42%
#974 Cetoddle
42%
#935 Charcadet
42%
#1002 Chien-Pao
42%
#980 Clodsire
42%
#934 Garganacl
42%
#1020 Gouging Fire
42%
#945 Grafaiai
42%
#984 Great Tusk
42%
#972 Houndstone
42%
#1022 Iron Boulder
42%
#991 Iron Bundle
42%
#1023 Iron Crown
42%
#993 Iron Jugulis
42%
#1010 Iron Leaves
42%
#995 Iron Thorns
42%
#1006 Iron Valiant
42%
#983 Kingambit
42%
#1008 Miraidon
42%
#1015 Munkidori
42%
#933 Naclstack
42%
#1017 Ogerpon
42%
#1014 Okidogi
42%
#1025 Pecharunt
42%
#1012 Poltchageist
42%
#1021 Raging Bolt
42%
#953 Rellor
42%
#966 Revavroom
42%
#1005 Roaring Moon
42%
#989 Sandy Shocks
42%
#952 Scovillain
42%
#985 Scream Tail
42%
#944 Shroodle
42%
#988 Slither Wing
42%
#928 Smoliv
42%
#931 Squawkabilly
42%
#1003 Ting-Lu
42%
#957 Tinkatink
42%
#965 Varoom
42%
#1009 Walking Wake
42%
#940 Wattrel
42%
#1001 Wo-Chien
42%
#961 Wugtrio
42%
#930 Arboliva
33%
#997 Arctibax
33%
#937 Ceruledge
33%
#1004 Chi-Yu
33%
#967 Cyclizar
33%
#927 Dachsbun
33%
#1011 Dipplin
33%
#929 Dolliv
33%
#982 Dudunsparce
33%
#956 Espathra
33%
#973 Flamigo
33%
#955 Flittle
33%
#987 Flutter Mane
33%
#969 Glimmet
33%
#970 Glimmora
33%
#1019 Hydrapple
33%
#992 Iron Hands
33%
#994 Iron Moth
33%
#990 Iron Treads
33%
#950 Klawf
33%
#925 Maushold
33%
#924 Tandemaus
33%
#958 Tinkatuff
33%
#948 Toedscool
33%
#1018 Archaludon
25%
#963 Finizen
25%
#968 Orthworm
25%
#964 Palafin
25%
#959 Tinkaton
25%
#949 Toedscruel
25%
#941 Kilwattrel
17%
#916 Oinkalogne
17%
#981 Farigaraf
8%
#1013 Sinistchageist
8%
#977 Dodongo
0%
#1016 Fenzandpiti
0%
#942 Maschtiff
0%
#978 Tatsuguri
0%
No matching quizzes found
Score Distribution
Percent of People with Each Score
Percentile by Number Answered
Your Score History
You have not taken this quiz